| 000 | 00687nam a2200253 i 4500 | ||
|---|---|---|---|
| 001 | bg | ||
| 100 | 1 | _aWATCYN-JONES, Peter | |
| 245 | 1 | 0 |
_aTest your grammar and usage : _bCambridge first certificate / _cPeter Watcyn-Jones. |
| 250 | _aNew ed. | ||
| 260 |
_aLondon : _bPenguin Books, _ccop. 1996. |
||
| 300 |
_a92 s. : _brys. ; _c23 cm. |
||
| 490 | 1 | _aTest Your... | |
| 650 | 9 |
_aJęzyk angielski _xgramatyka |
|
| 655 | _aPodręczniki | ||
| 655 | _aSprawdziany i testy | ||
| 830 | _aTest Your... | ||
| 020 | _a0140815899 | ||
| 040 | _cBPK | ||
| 041 | 0 | _aen | |
| 080 | _a811.111'36(07) | ||
| 920 | _a0-14-081589-9 | ||
| 942 | _cKS | ||
| 008 | s pl f |000 0 pol | ||
| 999 |
_c40135 _d40135 |
||